| 000 | 00000nam##2200000za#4500 |
| 001 | 9.669779 |
| 003 | CaOODSP |
| 005 | 20211126112849 |
| 007 | ta |
| 008 | 150407|2008||||xxc||||| f|0| 0 eng|d |
| 020 | |a978-0-662-05374-3 |
| 040 | |aCaOODSP|beng |
| 041 | |aeng |
| 041 | |afre |
| 043 | |an-cn--- |
| 086 | 1 |aFB2-27/2008 |
| 110 | 2 |aBank of Canada. |
| 245 | 10|aAbout the Bank |
| 260 | |aOttawa - Ontario : |bBank of Canada |cc2010. |
| 300 | |aEnglish text, 22p. : |bcoloured map, photographs ; |c19 cm. |
| 520 | 3 |aTells the Bank of Canada’s story. It explains how the Bank works, including its five main functions: monetary policy; currency; the financial system; funds management; and retail debt services (such as Canada Savings Bonds). It also describes the Bank’s corporate governance and management; its history; its departments; and its Board of Directors and management. Includes contact information for across Canada and for the New York office. |
| 563 | |aSoftcover |
| 590 | |a10-12|b2010-03-26 |
| 690 | 07|aBanks|2gcpds |
| 776 | 0#|tLa Banque en bref |w(CaOODSP)9.635028 |
| 776 | 0#|tAbout the Bank |w(CaOODSP)9.690679 |
| 792 | |tLa Banque en bref |efre|w(CaOODSP)9.669780 |